Southville International School and Colleges
Your cart is empty.
  • Cart
  • Lists
    Public lists Eva Luna New books Lux_list list_1
    Your lists Log in to create your own lists
  • Log in to your account
  • Your cookies
  • Search history
Southville International School and Colleges
  • Advanced search
  • Recent comments
  • Most popular
  • Libraries

Log in to your account

Log in with GOOGLE


If you do not have an external account, but do have a local account, you can still log in:

  1. Home
  2. MARC view: Advanced human behavior organization with ethics
Normal view MARC view ISBD view

Advanced human behavior organization with ethics (Record no. 367370)

[ view plain ]
MARC details
000 -LEADER
fixed length control field 00819nam a22002297a 4500
003 - CONTROL NUMBER IDENTIFIER
control field 0
005 - DATE AND TIME OF LATEST TRANSACTION
control field 20250407112927.0
008 - FIXED-LENGTH DATA ELEMENTS--GENERAL INFORMATION
fixed length control field 250404b xxu||||| |||| 00| 0 eng d
020 ## - INTERNATIONAL STANDARD BOOK NUMBER
International Standard Book Number 978-621-427-192-4
050 ## - LIBRARY OF CONGRESS CALL NUMBER
Classification number HD 58.7
Item number .Ab23 2024
100 ## - MAIN ENTRY--PERSONAL NAME
Personal name Abante, Marmelo V.
245 ## - TITLE STATEMENT
Title Advanced human behavior organization with ethics
Statement of responsibility, etc Marmelo V. Abante and two others
260 ## - PUBLICATION, DISTRIBUTION, ETC. (IMPRINT)
Place of publication, distribution, etc Intramuros, Manila
Name of publisher, distributor, etc Unlimited Books Library Services & Publishing, Inc.
Date of publication, distribution, etc 2024
300 ## - PHYSICAL DESCRIPTION
Extent vi, 246 pages;
Dimensions 25cm.
504 ## - BIBLIOGRAPHY, ETC. NOTE
Bibliography, etc Includes bibliographical references.
650 ## - SUBJECT ADDED ENTRY--TOPICAL TERM
Topical term or geographic name as entry element Organizational behavior -- Business ethics.
650 ## - SUBJECT ADDED ENTRY--TOPICAL TERM
Topical term or geographic name as entry element Workplace ethics -- Organizational culture.
650 ## - SUBJECT ADDED ENTRY--TOPICAL TERM
Topical term or geographic name as entry element Management -- Moral and ethical aspects.
700 ## - ADDED ENTRY--PERSONAL NAME
Personal name Simbre, Roland M.
700 ## - ADDED ENTRY--PERSONAL NAME
Personal name Pancho, Ronald L.
942 ## - ADDED ENTRY ELEMENTS (KOHA)
Source of classification or shelving scheme Library of Congress Classification
Koha item type Books
Holdings
Withdrawn status Lost status Source of classification or shelving scheme Damaged status Home library Current library Shelving location Date acquired Source of acquisition Total Checkouts Full call number Barcode Date last seen Price effective from Koha item type Sub Shelving location
    Library of Congress Classification   College Library College Library Graduate Section 04/04/2025 Library Fund   HD 58.7 .Ab23 2024 C24341 04/04/2025 04/04/2025 Books  
    Library of Congress Classification   College Library College Library Graduate Section 04/04/2025 Library Fund   HD 58.7 .Ab23 2024 C24340 04/04/2025 04/04/2025 Books  
    Library of Congress Classification   College Library College Library Graduate Section 04/26/2025 Library Fund   HD 58.7 .Ab23 2024 C24419 04/26/2025 04/26/2025 Books  

Advanced human behavior organization with ethics

APA

Abante M. V., Simbre R. M. & Pancho R. L. (2024). Advanced human behavior organization with ethics. Intramuros, Manila: Unlimited Books Library Services & Publishing, Inc.

Chicago

Abante Marmelo V, Simbre Roland M and Pancho Ronald L. 2024. Advanced human behavior organization with ethics. Intramuros, Manila: Unlimited Books Library Services & Publishing, Inc.

Harvard

Abante M. V., Simbre R. M. and Pancho R. L. (2024). Advanced human behavior organization with ethics. Intramuros, Manila: Unlimited Books Library Services & Publishing, Inc.

MLA

Abante Marmelo V, Simbre Roland M and Pancho Ronald L. Advanced human behavior organization with ethics. Intramuros, Manila: Unlimited Books Library Services & Publishing, Inc. 2024.

  • Place hold
  • Print
  • Cite
  • Add to your cart (remove)
  • Save record
    BIBTEX Dublin Core MARCXML MARC (non-Unicode/MARC-8) MARC (Unicode/UTF-8) MARC (Unicode/UTF-8, Standard) MODS (XML) RIS
  • More searches
    Search for this title in:
    Other Libraries (WorldCat) Other Databases (Google Scholar) Online Stores (Bookfinder.com) Open Library (openlibrary.org)

Exporting to Dublin Core...

SOUTHVILLE LIBRARY

Southville International School and Colleges Library

1281 Tropical Ave. Cor. Luxembourg St., BF Homes International, Las Pinas City

Tel. No. 8256374 / 252358 Loc. 117/146

Powered by Koha